00480 2200181 4500001002100000008004100021035002000062245004500082100001400127260004000141300001300181020002200194084001800216082001200234650001400246990001900260990001900279INLIS000000000003628 ind  a0010-0824000127 aEnsiklopedia Pahlawan Nasional Indonesia aNur Asiah aJakarta :bMediantara Semestac2020 a154 hlm. a978-979-1276-90-0 a959.802 NUR e a959.802 aNon Fiksi aP29/CP/24/3565 aP29/CP/24/3564